Hoc qvoqve laboris praemivm: scritti onore di Gino Bandelli

Guardat en:
Dades bibliogràfiques
Autor principal: Chiabà, Monica (Autor)
Format: Llibre
Idioma:italià
Publicat: Trieste EUT - Edizione Università di Trieste 2014
Edició:1a. ed
Col·lecció:Polymnia Studi di Storia Romana, 3
Matèries:
Etiquetes: Afegir etiqueta
Sense etiquetes, Sigues el primer a etiquetar aquest registre!

MARC

LEADER 00000cam a2200000 a 4500
001 UCD9394
003 CL-VaPUC
008 170616e20140000it |||||||||||||||||ita|d
020 |a 9788883035524 
082 0 4 |a 930.15  |b CHI  |2 21 
100 0 |a Chiabà, Monica  |e author  |9 593097 
245 1 0 |a Hoc qvoqve laboris praemivm: scritti onore di Gino Bandelli 
250 |a 1a. ed 
300 |a 590 p 
942 |c BK 
945 |d 20170616 21:05:00  |a arojas 
260 |a Trieste  |b EUT - Edizione Università di Trieste  |c 2014 
650 0 |a Antigüedades  |9 266390 
650 0 |a Mundo antiguo  |9 486553 
650 0 |a Historia antigua  |9 267521 
583 |a last modification  |c 20170616 21:05:00  |k Rodrigo Vera 
490 0 |a Polymnia Studi di Storia Romana, 3 
999 |c 368599  |d 368597 
952 |0 0  |1 0  |3 erb  |4 0  |6 930_150000000000000_CHI_2014  |7 0  |8 A  |9 483962  |a FDOLAF  |b FDOLAF  |e Laffi, Umberto, 1939-  |i 5397022  |o 930.15 CHI 2014  |p 5397022  |r 2024-01-30  |w 2019-11-24  |y BK  |z Catalogado en:20170616  |k LAF